[Event "Faxe anniversity"]
[Site "Faxe"]
[Date "2014.05.21"]
[Round "7"]
[White "Krogh, Peter Ove"]
[Black "Jensen, Leif"]
[Result "1/2-1/2"]
[WhiteElo "1783"]
[BlackElo "1978"]
[PlyCount "66"]
[EventDate "2014.03.26"]
[EventType "swiss"]
[EventRounds "7"]
[EventCountry "DEN"]
[SourceTitle "EXT 2023"]
[Source "ChessBase"]
[SourceDate "2022.10.05"]
[SourceVersion "1"]
[SourceVersionDate "2022.10.05"]
[SourceQuality "1"]

1. c4 e5 2. Nc3 g6 3. d4 d6 4. dxe5 dxe5 5. Qxd8+ Kxd8 6. e4 c6 7. Be3 Be6 8. 0-0-0+ Kc7 9. Bd3 Nd7 10. Nge2 f6 11. f4 Bc5 12. Bd2 Rd8 13. Na4 Be7 14. Kc2 Nc5 15. Nxc5 Bxc5 16. fxe5 fxe5 17. Rhf1 Rf8 18. Bc3 Nh6 19. Bxe5+ Bd6 20. Bxh8 Rxh8 21. h3 Re8 22. Nd4 Bg8 23. Nf3 Nf7 24. a3 Be5 25. c5 Nd8 26. b4 Bg7 27. g3 a5 28. Kb1 Ne6 29. Bc4 Ra8 30. Bxe6 Bxe6 31. e5 Bxh3 32. Rh1 Bf5+ 33. Kb2 h5 1/2-1/2

[Event "Koge 3+ EMT"]
[Site "Koge"]
[Date "2013.04.23"]
[Round "6"]
[White "Stuhr, Finn"]
[Black "Krogh, Peter Ove"]
[Result "1-0"]
[WhiteElo "1663"]
[BlackElo "1782"]
[PlyCount "41"]
[EventDate "2013.02.12"]
[EventType "tourn"]
[EventRounds "7"]
[EventCountry "DEN"]
[SourceTitle "EXT 2023"]
[Source "ChessBase"]
[SourceDate "2022.10.05"]
[SourceVersion "1"]
[SourceVersionDate "2022.10.05"]
[SourceQuality "1"]

1. e4 c5 2. Nf3 a6 3. d4 cxd4 4. Nxd4 Nf6 5. Nc3 e5 6. Nf3 Bb4 7. Bc4 Qc7 8. Qd3 b5 9. Bb3 Bb7 10. Bd2 Bxc3 11. Bxc3 Bxe4 12. Bxe5 Qb7 13. Qe3 Ng4 14. Qf4 Nxe5 15. Qxe5+ Kd8 16. Ng5 Bg6 17. Bxf7 Qxg2 18. 0-0-0 Nc6 19. Ne6+ Ke7 20. Rxd7+ Kxd7 21. Qc7# 1-0

[Event "Koge 3+ EMT"]
[Site "Koge"]
[Date "2013.04.16"]
[Round "5"]
[White "Larsen, Ulrik"]
[Black "Krogh, Peter Ove"]
[Result "1-0"]
[WhiteElo "1971"]
[BlackElo "1782"]
[PlyCount "31"]
[EventDate "2013.02.12"]
[EventType "tourn"]
[EventRounds "7"]
[EventCountry "DEN"]
[SourceTitle "EXT 2023"]
[Source "ChessBase"]
[SourceDate "2022.10.05"]
[SourceVersion "1"]
[SourceVersionDate "2022.10.05"]
[SourceQuality "1"]

1. e4 c5 2. Nc3 a6 3. g3 b5 4. Bg2 Bb7 5. Nge2 e6 6. 0-0 Ne7 7. d4 b4 8. Na4 cxd4 9. Nc5 Bc6 10. Nxd4 Qb6 11. Be3 Qxc5 12. Nf5 Qa5 13. Nd6+ Kd8 14. Nc4 Qa4 15. Bb6+ Kc8 16. Nd6# 1-0

[Event "Koge 3+ EMT"]
[Site "Koge"]
[Date "2013.04.09"]
[Round "4"]
[White "Krogh, Peter Ove"]
[Black "Pedersen, Hans Dahl"]
[Result "0-1"]
[WhiteElo "1782"]
[BlackElo "2150"]
[PlyCount "96"]
[EventDate "2013.02.12"]
[EventType "tourn"]
[EventRounds "7"]
[EventCountry "DEN"]
[SourceTitle "EXT 2023"]
[Source "ChessBase"]
[SourceDate "2022.10.05"]
[SourceVersion "1"]
[SourceVersionDate "2022.10.05"]
[SourceQuality "1"]

1. c4 e6 2. Nf3 d5 3. e3 Nf6 4. b3 Bd6 5. Bb2 Nbd7 6. d4 c6 7. Nbd2 Qa5 8. Bd3 dxc4 9. bxc4 c5 10. 0-0 Qc7 11. Qc2 b6 12. h3 Bb7 13. Rac1 0-0 14. Rfd1 h6 15. Qb1 Rad8 16. Kh1 Qc6 17. Ne1 Rfe8 18. f3 cxd4 19. exd4 e5 20. d5 Qc7 21. Bf5 Nc5 22. Nd3 Bc8 23. Bxc8 Rxc8 24. Nxc5 Qxc5 25. Ne4 Nxe4 26. Qxe4 Qf2 27. Rc2 Qg3 28. Bc1 Re7 29. Be3 Rec7 30. Bf2 Qg5 31. Be3 f5 32. Qd3 e4 33. fxe4 Qg3 34. Bg1 Qxd3 35. Rxd3 fxe4 36. Rdc3 Be5 37. Ra3 Rxc4 38. Rxc4 Rxc4 39. g4 Bd4 40. Bxd4 Rxd4 41. Rxa7 Rxd5 42. Kg2 Rd2+ 43. Kf1 Rh2 44. Ra4 Rxh3 45. Rxe4 Ra3 46. Re2 Kh7 47. Kg2 Kg6 48. Re6+ Kg5 0-1

[Event "Koge 3+ EMT"]
[Site "Koge"]
[Date "2013.02.12"]
[Round "1"]
[White "Vesterskov, Michael"]
[Black "Krogh, Peter Ove"]
[Result "0-1"]
[WhiteElo "1733"]
[BlackElo "1782"]
[PlyCount "110"]
[EventDate "2013.02.12"]
[EventType "tourn"]
[EventRounds "7"]
[EventCountry "DEN"]
[SourceTitle "EXT 2023"]
[Source "ChessBase"]
[SourceDate "2022.10.05"]
[SourceVersion "1"]
[SourceVersionDate "2022.10.05"]
[SourceQuality "1"]

1. d4 Nf6 2. c4 e6 3. Nc3 Bb4 4. Qc2 c5 5. e3 0-0 6. a3 Bxc3+ 7. Qxc3 b6 8. Nf3 Bb7 9. Be2 d5 10. dxc5 Nbd7 11. cxb6 Nxb6 12. cxd5 Rc8 13. Qd3 Bxd5 14. b3 Qe7 15. 0-0 Rfd8 16. Qb5 Rc3 17. Bb2 Rxb3 18. Bxf6 gxf6 19. Qa6 Rb2 20. Nd4 f5 21. Rfb1 Rxb1+ 22. Rxb1 Qc7 23. Bf3 Bc4 24. Rc1 Rc8 25. Qa5 Qd7 26. Qe5 Bd5 27. Rd1 Qa4 28. Ra1 Qxa3 29. Rf1 Bxf3 30. gxf3 Kf8 31. Kh1 Rc1 32. Rxc1 Qxc1+ 33. Kg2 Qc8 34. f4 Kg8 35. Qf6 Qf8 36. Kf1 Nd5 37. Qg5+ Kh8 38. Ke2 a5 39. f3 a4 40. e4 h6 41. Qh4 fxe4 42. fxe4 Nc7 43. Qf6+ Kh7 44. f5 Ne8 45. Qd8 e5 46. Nb5 Qg8 47. Kf3 f6 48. Qe7+ Kh8 49. Nd6 Qb3+ 50. Ke2 Qb2+ 51. Kf1 Qc1+ 52. Ke2 Qc2+ 53. Ke1 Qb1+ 54. Ke2 Qa2+ 55. Kf3 Qa3+ 0-1

[Event "Koge Bugt Spring"]
[Site "Solrod"]
[Date "2011.05.04"]
[Round "4.2"]
[White "Krogh, Peter Ove"]
[Black "Jensen, Tom B"]
[Result "1-0"]
[WhiteElo "1903"]
[BlackElo "1278"]
[PlyCount "58"]
[EventDate "2011.03.30"]
[EventType "swiss"]
[EventRounds "7"]
[EventCountry "DEN"]
[SourceTitle "EXT 2023"]
[Source "ChessBase"]
[SourceDate "2022.10.05"]
[SourceVersion "1"]
[SourceVersionDate "2022.10.05"]
[SourceQuality "1"]

1. c4 e5 2. Nc3 Nf6 3. g3 a6 4. Bg2 Bc5 5. e3 d6 6. Nge2 Nc6 7. d4 Ba7 8. 0-0 0-0 9. d5 Ne7 10. h3 Bd7 11. Kh2 Qc8 12. Qd3 Bb8 13. e4 Ne8 14. f4 Ng6 15. f5 Ne7 16. f6 Ng6 17. fxg7 Nxg7 18. Bh6 f5 19. Rf2 Ba7 20. Rff1 Rf7 21. Bxg7 Kxg7 22. b4 Ne7 23. exf5 Nxf5 24. g4 Ne3 25. Rxf7+ Kxf7 26. Qxh7+ Ke8 27. Qg8+ Ke7 28. Qg7+ Ke8 29. Be4 Kd8 1-0

[Event "Koge Bugt Spring"]
[Site "Solrod"]
[Date "2011.04.13"]
[Round "3.2"]
[White "Refsgaard, Kaj"]
[Black "Krogh, Peter Ove"]
[Result "0-1"]
[WhiteElo "1738"]
[BlackElo "1903"]
[PlyCount "42"]
[EventDate "2011.03.30"]
[EventType "swiss"]
[EventRounds "7"]
[EventCountry "DEN"]
[SourceTitle "EXT 2023"]
[Source "ChessBase"]
[SourceDate "2022.10.05"]
[SourceVersion "1"]
[SourceVersionDate "2022.10.05"]
[SourceQuality "1"]

1. Nf3 Nf6 2. g3 d5 3. Bg2 Bf5 4. d3 e6 5. 0-0 Be7 6. Nbd2 0-0 7. c4 c6 8. cxd5 exd5 9. Nb3 h6 10. Nbd4 Bh7 11. Qb3 c5 12. Qxb7 cxd4 13. Qxa8 Qb6 14. Ne5 Bd6 15. f4 Bxe5 16. fxe5 Nbd7 17. Qxf8+ Kxf8 18. exf6 Nxf6 19. b3 Qe6 20. Ba3+ Kg8 21. Bf3 Bf5 0-1

[Event "Koge Bugt Spring"]
[Site "Solrod"]
[Date "2011.03.30"]
[Round "1.2"]
[White "Nielsen, Kai Gylling"]
[Black "Krogh, Peter Ove"]
[Result "1-0"]
[WhiteElo "1881"]
[BlackElo "1903"]
[PlyCount "119"]
[EventDate "2011.03.30"]
[EventType "swiss"]
[EventRounds "7"]
[EventCountry "DEN"]
[SourceTitle "EXT 2023"]
[Source "ChessBase"]
[SourceDate "2022.10.05"]
[SourceVersion "1"]
[SourceVersionDate "2022.10.05"]
[SourceQuality "1"]

1. d4 Nf6 2. c4 e6 3. Nf3 b6 4. Nc3 Bb4 5. g3 Ba6 6. e3 0-0 7. Bd2 d5 8. b3 Nbd7 9. a3 Be7 10. Be2 c5 11. 0-0 Rc8 12. cxd5 Bxe2 13. Qxe2 exd5 14. Rfc1 Ne4 15. Nxd5 Bd6 16. Nc3 f5 17. Nb5 Bb8 18. dxc5 Ndxc5 19. Nbd4 Qd5 20. Qc4 Qxc4 21. Rxc4 g5 22. Bb4 f4 23. Bxc5 bxc5 24. Ne6 Nd6 25. Rc2 fxg3 26. Nxf8 Rxf8 27. Nxg5 Rf5 28. f4 h6 29. Nf3 gxh2+ 30. Rxh2 Nf7 31. Rc1 Bd6 32. Rg2+ Kh7 33. Kf2 Rd5 34. Rcg1 Bf8 35. Rg8 Rd8 36. e4 Nd6 37. Ke3 c4 38. Nd4 Re8 39. e5 cxb3 40. Nxb3 Nf5+ 41. Ke4 Ng7 42. Rxf8 Rxf8 43. Rd1 Rf7 44. Nc5 Rc7 45. Rd5 Kg6 46. e6 Kf6 47. f5 h5 48. Kf4 h4 49. Ne4+ Ke7 50. Ke5 Ne8 51. f6+ Kf8 52. Rd8 h3 53. f7 Re7 54. fxe8Q+ Rxe8 55. Rd3 Rb8 56. Rxh3 Rb5+ 57. Kf6 Kg8 58. Rg3+ Kh7 59. e7 Rb8 60. Kf7 1-0

[Event "Borup op 5th"]
[Site "Borup"]
[Date "2010.09.11"]
[Round "8"]
[White "Krogh, Peter Ove"]
[Black "Pedersen, Hans Dahl"]
[Result "0-1"]
[WhiteElo "1922"]
[BlackElo "2206"]
[PlyCount "100"]
[EventDate "2010.09.03"]
[EventType "swiss"]
[EventRounds "9"]
[EventCountry "DEN"]
[SourceTitle "CBM 138 Extra"]
[Source "ChessBase"]
[SourceDate "2010.10.29"]
[SourceVersion "1"]
[SourceVersionDate "2010.10.29"]
[SourceQuality "1"]

1. c4 c5 2. Nc3 e6 3. e4 a6 4. f4 Qc7 5. g3 Nc6 6. Bg2 d6 7. Nge2 Nf6 8. 0-0 Be7 9. d3 0-0 10. h3 b6 11. g4 Bb7 12. Be3 Nd7 13. Ng3 Rab8 14. Rc1 Ba8 15. Nce2 b5 16. b3 Qa5 17. Bd2 Qb6 18. Kh2 Nb4 19. Bxb4 cxb4 20. d4 a5 21. Qd3 bxc4 22. Rxc4 Bb7 23. Qc2 Rbc8 24. f5 e5 25. Rxc8 Rxc8 26. Qd2 exd4 27. g5 d3 28. Nf4 Bxg5 29. Qd1 Ne5 30. Qh5 Bf6 31. Nd5 Bxd5 32. exd5 Nd7 33. Qf3 Be5 34. Kh1 Nf6 35. Rd1 Rc2 36. Rxd3 Rxa2 37. Rd1 Qf2 38. Rc1 h6 39. Ne4 Nxe4 40. Qxe4 Re2 41. Qf3 Qxf3 42. Bxf3 Re3 43. Kg2 Rxb3 44. Rc8+ Kh7 45. Bh5 g6 46. fxg6+ fxg6 47. Bg4 Rg3+ 48. Kf2 Rxg4 49. hxg4 b3 50. Ke2 b2 0-1

[Event "Borup op 5th"]
[Site "Borup"]
[Date "2010.09.05"]
[Round "4"]
[White "Kryger, Oksana"]
[Black "Krogh, Peter Ove"]
[Result "1-0"]
[WhiteElo "2157"]
[BlackElo "1922"]
[PlyCount "85"]
[EventDate "2010.09.03"]
[EventType "swiss"]
[EventRounds "9"]
[EventCountry "DEN"]
[SourceTitle "CBM 138 Extra"]
[Source "ChessBase"]
[SourceDate "2010.10.29"]
[SourceVersion "1"]
[SourceVersionDate "2010.10.29"]
[SourceQuality "1"]

1. d4 Nf6 2. c4 e6 3. Nf3 b6 4. a3 Bb7 5. Nc3 d6 6. d5 Nbd7 7. e4 e5 8. Bd3 Be7 9. 0-0 a5 10. b3 Bc8 11. Ne1 Nc5 12. h3 0-0 13. Be3 Nxd3 14. Nxd3 Ne8 15. f4 exf4 16. Bxf4 Bg5 17. Qf3 Bxf4 18. Qxf4 f6 19. e5 dxe5 20. Nxe5 Qd6 21. Nc6 Bd7 22. Nd4 Qxf4 23. Rxf4 Nd6 24. Ne4 Nxe4 25. Rxe4 Rfe8 26. Rae1 Kf7 27. Kf2 g5 28. Ne6 Bxe6 29. Rxe6 Rxe6 30. Rxe6 Rd8 31. Rc6 Rd7 32. g4 Kg6 33. b4 axb4 34. axb4 b5 35. Ke3 bxc4 36. Kd4 c3 37. Rxc3 h5 38. Rc6 hxg4 39. hxg4 Kf7 40. b5 Re7 41. Kc5 Kg6 42. Re6 Kf7 43. Kc6 1-0

[Event "Borup op 5th"]
[Site "Borup"]
[Date "2010.09.04"]
[Round "3"]
[White "Krogh, Peter Ove"]
[Black "Rostgaard, Tobias Valentin"]
[Result "1/2-1/2"]
[WhiteElo "1922"]
[BlackElo "2114"]
[PlyCount "81"]
[EventDate "2010.09.03"]
[EventType "swiss"]
[EventRounds "9"]
[EventCountry "DEN"]
[SourceTitle "CBM 138 Extra"]
[Source "ChessBase"]
[SourceDate "2010.10.29"]
[SourceVersion "1"]
[SourceVersionDate "2010.10.29"]
[SourceQuality "1"]

1. c4 e6 2. Nc3 d5 3. e3 Nf6 4. Nf3 c6 5. Qc2 Nbd7 6. d4 Bd6 7. Bd3 b6 8. 0-0 Bb7 9. cxd5 exd5 10. e4 dxe4 11. Nxe4 Be7 12. Bg5 h6 13. Bxf6 Nxf6 14. Nxf6+ Bxf6 15. Rfe1+ Kf8 16. Rad1 g5 17. Bc4 Kg7 18. Ne5 Bxe5 19. dxe5 Qe7 20. e6 Bc8 21. exf7 Qf6 22. g3 Bf5 23. Qc3 Qxc3 24. bxc3 Rhf8 25. Kg2 Bg6 26. Re7 b5 27. Bb3 a5 28. a4 bxa4 29. Bxa4 Rxf7 30. Rxf7+ Bxf7 31. Bxc6 Rc8 32. Bd5 Rxc3 33. Bxf7 Kxf7 34. Rd6 Kg7 35. Ra6 Ra3 36. g4 a4 37. Ra7+ Kf6 38. Ra6+ Kg7 39. Ra7+ Kg8 40. Ra8+ Kf7 41. Ra7+ 1/2-1/2

[Event "Borup op 4th"]
[Site "Borup"]
[Date "2009.09.06"]
[Round "4"]
[White "Teplyi, Igor"]
[Black "Krogh, Peter Ove"]
[Result "1-0"]
[WhiteElo "2284"]
[BlackElo "1945"]
[PlyCount "57"]
[EventDate "2009.09.04"]
[EventType "swiss"]
[EventRounds "9"]
[EventCountry "DEN"]
[SourceTitle "CBM 132 Extra"]
[Source "ChessBase"]
[SourceDate "2009.11.03"]
[SourceVersion "1"]
[SourceVersionDate "2009.11.03"]
[SourceQuality "1"]

1. e4 c5 2. Nf3 a6 3. c4 e6 4. Nc3 Nc6 5. d4 cxd4 6. Nxd4 Qb6 7. Nb3 Bb4 8. Be3 Qc7 9. Rc1 Nf6 10. Bd3 d5 11. 0-0 Bxc3 12. Rxc3 dxe4 13. Bb1 0-0 14. Bg5 Qe5 15. Bxf6 Qxf6 16. Bxe4 e5 17. Rf3 Qh6 18. Rd3 Nb4 19. Rd6 Qf4 20. Nc5 Rb8 21. Qb3 a5 22. g3 Qg5 23. a3 b6 24. Na4 f5 25. Bg2 Qe7 26. Rxb6 Rxb6 27. Nxb6 Na6 28. Nxc8 Rxc8 29. Qb7 1-0

[Event "Borup op 4th"]
[Site "Borup"]
[Date "2009.09.05"]
[Round "2"]
[White "Andersen, Daniel"]
[Black "Krogh, Peter Ove"]
[Result "1-0"]
[WhiteElo "1953"]
[BlackElo "1945"]
[PlyCount "83"]
[EventDate "2009.09.04"]
[EventType "swiss"]
[EventRounds "9"]
[EventCountry "DEN"]
[SourceTitle "CBM 132 Extra"]
[Source "ChessBase"]
[SourceDate "2009.11.03"]
[SourceVersion "1"]
[SourceVersionDate "2009.11.03"]
[SourceQuality "1"]

1. c4 Nf6 2. Nc3 e6 3. e4 c5 4. Nf3 Nc6 5. d4 cxd4 6. Nxd4 Bb4 7. Qd3 0-0 8. Bd2 d5 9. Nxc6 bxc6 10. exd5 cxd5 11. cxd5 Bxc3 12. Bxc3 Nxd5 13. Be2 a5 14. Qd4 Nxc3 15. Qxc3 Bb7 16. 0-0 Qb6 17. Rac1 Rac8 18. Qe3 Qxe3 19. fxe3 g6 20. Rfd1 Rxc1 21. Rxc1 Rc8 22. Rxc8+ Bxc8 23. Kf2 Kg7 24. Bf3 e5 25. Ke2 Be6 26. b3 f5 27. Kd2 a4 28. bxa4 e4 29. Be2 Bxa2 30. Kc3 Bd5 31. Kd4 Bb7 32. a5 Kf6 33. a6 Ba8 34. Bc4 f4 35. exf4 Kf5 36. Ke3 h6 37. h3 g5 38. g4+ Kf6 39. f5 Ke5 40. Be6 Bc6 41. Bc8 Bd5 42. Bb7 1-0

[Event "Borup op 3rd"]
[Site "Borup"]
[Date "2008.09.12"]
[Round "6"]
[White "Erdogdu, Mert"]
[Black "Krogh, Peter Ove"]
[Result "1-0"]
[WhiteElo "2440"]
[BlackElo "1989"]
[PlyCount "39"]
[EventDate "2008.09.05"]
[EventType "swiss"]
[EventRounds "9"]
[EventCountry "DEN"]
[SourceTitle "CBM 126 Extra"]
[Source "ChessBase"]
[SourceDate "2008.11.05"]
[SourceVersion "1"]
[SourceVersionDate "2008.11.05"]
[SourceQuality "1"]

1. e4 c5 2. Nf3 e6 3. d4 cxd4 4. Nxd4 a6 5. Bd3 Nc6 6. Nxc6 dxc6 7. Nd2 Bd6 8. 0-0 Qc7 9. h3 Ne7 10. Nc4 Bc5 11. Qh5 Bd4 12. e5 Nf5 13. Bxf5 exf5 14. Rd1 Bc5 15. Nd6+ Kf8 16. Nxf5 Bxf5 17. Qxf5 g6 18. Bh6+ Kg8 19. Rd7 gxf5 20. Rxc7 1-0

[Event "Dortmund Sparkassen op"]
[Site "Dortmund"]
[Date "2008.07.02"]
[Round "4"]
[White "Krogh, Peter Ove"]
[Black "Zeldin, Leonid"]
[Result "0-1"]
[WhiteElo "1989"]
[BlackElo "2068"]
[PlyCount "84"]
[EventDate "2008.06.30"]
[EventType "swiss"]
[EventRounds "9"]
[EventCountry "GER"]
[SourceTitle "CBM 125 Extra"]
[Source "ChessBase"]
[SourceDate "2008.09.01"]
[SourceVersion "1"]
[SourceVersionDate "2008.09.01"]
[SourceQuality "1"]

1. c4 Nf6 2. Nc3 e6 3. e4 d5 4. e5 d4 5. exf6 dxc3 6. bxc3 Qxf6 7. Nf3 Bd6 8. d4 h6 9. Bd3 0-0 10. Qe2 Qd8 11. c5 Be7 12. Bf4 Nd7 13. c6 Nf6 14. cxb7 Bxb7 15. 0-0 c5 16. Rab1 Bxf3 17. Qxf3 cxd4 18. Rfd1 Qd5 19. Qe2 dxc3 20. Bh7+ Kxh7 21. Rxd5 Nxd5 22. Be5 Rac8 23. Rc1 g6 24. g3 Rc6 25. Qf3 c2 26. Qb3 Rfc8 27. Kg2 Bb4 28. Qd3 a5 29. a3 Be7 30. h4 a4 31. h5 Bg5 32. f4 Be7 33. hxg6+ fxg6 34. Bd4 Rc4 35. Kh2 Bxa3 36. Qxa3 Rxd4 37. Kh3 Rb4 38. Kh2 Rc3 39. Qa2 Rbc4 40. Qa1 a3 41. Qa2 Nb4 42. Qa1 Nd3 0-1

[Event "Dortmund Sparkassen op"]
[Site "Dortmund"]
[Date "2008.07.01"]
[Round "2"]
[White "Kartsev, Soel"]
[Black "Krogh, Peter Ove"]
[Result "1-0"]
[WhiteElo "2219"]
[BlackElo "1989"]
[PlyCount "101"]
[EventDate "2008.06.30"]
[EventType "swiss"]
[EventRounds "9"]
[EventCountry "GER"]
[SourceTitle "CBM 125 Extra"]
[Source "ChessBase"]
[SourceDate "2008.09.01"]
[SourceVersion "1"]
[SourceVersionDate "2008.09.01"]
[SourceQuality "1"]

1. e4 c5 2. Nf3 a6 3. d4 cxd4 4. Nxd4 Nf6 5. Nc3 Qc7 6. g3 b5 7. Bg2 Bb7 8. 0-0 e6 9. Re1 Nc6 10. Nd5 Nxd5 11. exd5 Nxd4 12. Qxd4 0-0-0 13. Be3 e5 14. Qd2 Kb8 15. c3 f5 16. a4 f4 17. gxf4 exf4 18. Bxf4 Bd6 19. Bxd6 Qxd6 20. axb5 axb5 21. Qd4 Rde8 22. c4 Rxe1+ 23. Rxe1 bxc4 24. Qxg7 Rd8 25. Qg3 Kc7 26. Rc1 Ba6 27. b3 Qxg3 28. hxg3 Kd6 29. bxc4 Rc8 30. Bf1 Kc5 31. Ra1 Bb7 32. f4 d6 33. Kf2 Re8 34. Be2 h6 35. Rh1 Ra8 36. Rh4 Ba6 37. f5 Rf8 38. Rf4 Rf6 39. g4 Bc8 40. Kg3 Bd7 41. Re4 Rf8 42. Re7 Ba4 43. Kf4 Bc2 44. Re6 h5 45. f6 h4 46. g5 h3 47. Bf3 Bd3 48. Kg3 Bf5 49. Be4 Bxe6 50. dxe6 Kd4 51. e7 1-0

[Event "Koge Bugt"]
[Site "Koge"]
[Date "2003.08.27"]
[Round "3"]
[White "Krogh, Peter Ove"]
[Black "Jorgensen, Dennis"]
[Result "1-0"]
[WhiteElo "2012"]
[BlackElo "1600"]
[PlyCount "105"]
[EventDate "2003.08.13"]
[EventType "tourn"]
[EventRounds "7"]
[EventCountry "DEN"]
[SourceTitle "EXT 2023"]
[Source "ChessBase"]
[SourceDate "2022.10.05"]
[SourceVersion "1"]
[SourceVersionDate "2022.10.05"]
[SourceQuality "1"]

1. c4 e5 2. Nc3 Nc6 3. Nf3 Nf6 4. g3 Bb4 5. Bg2 0-0 6. 0-0 d6 7. Nd5 Nxd5 8. cxd5 Ne7 9. a3 Ba5 10. d4 e4 11. Ng5 f5 12. f3 h6 13. Ne6 Bxe6 14. dxe6 d5 15. g4 Bb6 16. gxf5 Nxf5 17. fxe4 Bxd4+ 18. e3 Bxe3+ 19. Bxe3 Nxe3 20. Rxf8+ Qxf8 21. Qd2 Qc5 22. Rc1 Nc4+ 23. Qf2 d4 24. b3 Qxa3 25. Rxc4 d3 26. Qf7+ Kh7 27. Rxc7 Qa1+ 28. Qf1 Qd4+ 29. Kh1 d2 30. Rd7 d1Q 31. Qxd1 Qxd1+ 32. Rxd1 Kg6 33. Rd7 a5 34. e7 Re8 35. Rxb7 Kf7 36. Bf1 Rxe7 37. Rxe7+ Kxe7 38. Bc4 Kd6 39. Kg2 Ke5 40. Bd5 Kf4 41. h3 g5 42. Ba8 h5 43. Bb7 g4 44. hxg4 Kxg4 45. Bd5 h4 46. e5 Kg5 47. e6 Kf6 48. Kh3 Ke7 49. Kxh4 Kd6 50. Kg5 Kxd5 51. e7 Kc5 52. e8Q Kb4 53. Qa4+ 1-0

[Event "Koge Spring"]
[Site "Koge"]
[Date "2003.05.20"]
[Round "3"]
[White "Vesterskov, Michael"]
[Black "Krogh, Peter Ove"]
[Result "0-1"]
[WhiteElo "1631"]
[BlackElo "1911"]
[PlyCount "72"]
[EventDate "2003.05.06"]
[EventType "tourn"]
[EventRounds "5"]
[EventCountry "DEN"]
[SourceTitle "EXT 2023"]
[Source "ChessBase"]
[SourceDate "2022.10.05"]
[SourceVersion "1"]
[SourceVersionDate "2022.10.05"]
[SourceQuality "1"]

1. d4 Nf6 2. c4 e6 3. Nc3 Bb4 4. Qc2 0-0 5. Bg5 h6 6. Bh4 c5 7. e3 cxd4 8. exd4 Nc6 9. Nf3 g5 10. Nxg5 Nxd4 11. Qd3 Nf5 12. Nf3 Nxh4 13. Nxh4 Qa5 14. f3 b6 15. Be2 Ba6 16. Qd4 Bxc3+ 17. bxc3 Qg5 18. g3 e5 19. Qf2 Kh8 20. f4 exf4 21. gxf4 Qc5 22. Qd4 Qc6 23. Rg1 Rfe8 24. Kd2 Re4 25. Qf2 Qd6+ 26. Kc2 Qxf4 27. Bf3 Rae8 28. Raf1 Qxh4 29. Bxe4 Qxe4+ 30. Kc1 Ng4 31. Qxf7 Bxc4 32. Qf3 Bxf1 33. Qxf1 Qe3+ 34. Kb1 Qxc3 35. Qf7 Qb4+ 36. Kc1 Rc8+ 0-1

[Event "DEN-chT 0203"]
[Site "Denmark"]
[Date "2003.03.15"]
[Round "6.8"]
[White "Krogh, Peter Ove"]
[Black "Olsen, Aage Dalstrup"]
[Result "0-1"]
[WhiteElo "2018"]
[BlackElo "2102"]
[PlyCount "80"]
[EventDate "2002.11.06"]
[EventType "team"]
[EventRounds "7"]
[EventCountry "DEN"]
[SourceTitle "EXT 2006"]
[Source "ChessBase"]
[SourceDate "2005.11.24"]
[SourceVersion "1"]
[SourceVersionDate "2005.11.24"]
[SourceQuality "1"]

1. c4 Nf6 2. Nc3 c5 3. e4 Nc6 4. f4 d6 5. Nf3 e6 6. d4 cxd4 7. Nxd4 Be7 8. Be2 a6 9. Be3 Qc7 10. Nxc6 bxc6 11. 0-0 0-0 12. Qd2 Bb7 13. Bf3 Rad8 14. Qf2 c5 15. Rad1 Nd7 16. g4 Nb8 17. g5 Nc6 18. h4 Nd4 19. Bxd4 cxd4 20. Ne2 e5 21. b3 d5 22. exd5 d3 23. fxe5 dxe2 24. Qxe2 Bc5+ 25. Kg2 Rfe8 26. Rde1 Bb4 27. d6 Bxd6 28. Bxb7 Qxb7+ 29. Qf3 Qxf3+ 30. Rxf3 Bxe5 31. Rfe3 f6 32. R1e2 Rd4 33. Kh3 Red8 34. h5 Rd3 35. gxf6 gxf6 36. Rxd3 Rxd3+ 37. Kg4 Kf7 38. Kf5 Rd4 39. Rf2 Rh4 40. Rd2 Rf4# 0-1

[Event "Lovsprings op 13th A"]
[Site "Ringsted"]
[Date "2002.04.19"]
[Round "6"]
[White "Holst, Peter"]
[Black "Krogh, Peter Ove"]
[Result "0-1"]
[WhiteElo "1918"]
[BlackElo "1925"]
[PlyCount "112"]
[EventDate "2002.03.08"]
[EventType "swiss"]
[EventRounds "7"]
[EventCountry "DEN"]
[SourceTitle "EXT 2018"]
[Source "ChessBase"]
[SourceDate "2017.10.13"]
[SourceVersion "1"]
[SourceVersionDate "2017.10.13"]
[SourceQuality "1"]

1. e4 c5 2. Nf3 Nc6 3. d4 cxd4 4. Nxd4 e6 5. Nc3 a6 6. Nb3 b5 7. Be3 Nf6 8. f3 Qc7 9. Qd2 Bb7 10. Nc5 Rd8 11. Nxb7 Qxb7 12. Bd3 Bb4 13. a3 Be7 14. 0-0 0-0 15. Qe2 d5 16. exd5 exd5 17. Bf2 Rfe8 18. Qd2 Ne5 19. Rae1 Nc4 20. Bxc4 bxc4 21. Nd1 Qc6 22. Bd4 Bc5 23. Kh1 Bxd4 24. Qxd4 h6 25. Nc3 Rxe1 26. Rxe1 Rd7 27. h3 Qb7 28. Nd1 Qc7 29. Re5 Qa7 30. c3 Qxd4 31. cxd4 Rb7 32. Re2 Kf8 33. Kg1 Re7 34. Rxe7 Kxe7 35. Ne3 Ke6 36. Kf2 Nh5 37. Ke2 Nf4+ 38. Kd2 g5 39. Kd1 h5 40. Kd2 f5 41. Kc3 Ne2+ 42. Kb4 Nxd4 43. Ka5 f4 44. Nd1 Kd6 45. Kxa6 Kc6 46. Nc3 Nb3 47. Nxd5 Nc5+ 48. Ka5 Kxd5 49. Kb5 Nd3 50. a4 Nxb2 51. a5 Kd6 52. a6 Kc7 53. a7 Kb7 54. a8Q+ Kxa8 55. Kb4 Kb7 56. Kc3 Nd3 0-1

[Event "Lovsprings op 13th A"]
[Site "Ringsted"]
[Date "2002.04.05"]
[Round "4"]
[White "Krogh, Peter Ove"]
[Black "Eddy, Samuel"]
[Result "0-1"]
[WhiteElo "1925"]
[BlackElo "1959"]
[PlyCount "76"]
[EventDate "2002.03.08"]
[EventType "swiss"]
[EventRounds "7"]
[EventCountry "DEN"]
[SourceTitle "EXT 2018"]
[Source "ChessBase"]
[SourceDate "2017.10.13"]
[SourceVersion "1"]
[SourceVersionDate "2017.10.13"]
[SourceQuality "1"]

1. c4 f5 2. d4 g6 3. g3 Bg7 4. Bg2 d6 5. Nc3 Nf6 6. Nf3 0-0 7. 0-0 Qe8 8. Bg5 e5 9. dxe5 dxe5 10. Rb1 Nc6 11. Nd5 Nxd5 12. cxd5 Nb8 13. Ne1 h6 14. Bd2 c6 15. Qc1 g5 16. Bc3 cxd5 17. Bxd5+ Kh7 18. Ng2 Nc6 19. h4 f4 20. Be4+ Kh8 21. Qc2 Be6 22. hxg5 hxg5 23. gxf4 gxf4 24. f3 Qh5 25. Kf2 Bf6 26. Rh1 Bh3 27. Bg6 Bh4+ 28. Kg1 Rg8 29. Rxh3 Bf2+ 30. Kxf2 Qxh3 31. Rg1 Qg3+ 32. Kf1 Qxg6 33. Rh1+ Kg7 34. Qb3 Kf8 35. Ne1 b6 36. Qa3+ Ke8 37. Qa6 Rd8 38. Qb5 Rd1 0-1

[Event "Lovfalds 15th B"]
[Site "Ringsted"]
[Date "2001.09.16"]
[Round "4"]
[White "Krogh, Peter Ove"]
[Black "Jensen, Leif"]
[Result "1-0"]
[WhiteElo "1902"]
[BlackElo "2086"]
[PlyCount "65"]
[EventDate "2001.09.14"]
[EventType "tourn"]
[EventRounds "5"]
[EventCountry "DEN"]
[SourceTitle "EXT 2023"]
[Source "ChessBase"]
[SourceDate "2022.10.05"]
[SourceVersion "1"]
[SourceVersionDate "2022.10.05"]
[SourceQuality "1"]

1. c4 e5 2. Nc3 g6 3. d4 d6 4. e4 c6 5. Be3 Bg7 6. Nge2 Ne7 7. Ng3 Qc7 8. f4 0-0 9. fxe5 dxe5 10. d5 Rd8 11. c5 cxd5 12. exd5 Qa5 13. Bc4 Qb4 14. Qb3 Qxb3 15. axb3 Nf5 16. Nxf5 Bxf5 17. h3 h5 18. 0-0 a6 19. Rad1 Nd7 20. c6 bxc6 21. dxc6 Nf8 22. Rxd8 Rxd8 23. Bxa6 Bc8 24. Bc4 Be6 25. Bxe6 Nxe6 26. b4 f5 27. b5 Rc8 28. Nd5 Kf7 29. Rc1 Nd8 30. c7 f4 31. Nb6 Rxc7 32. Rxc7+ Kf8 33. Bc5+ 1-0